Les Youtubers Français - Statistiques

Statistiques générales
  • Ce quiz a été pris 252 fois
  • Le résultat moyen est 13 sur 45
Statistiques - réponses
Descriptions Youtubers % Correct
Yo tout l'monde c'est S******* ! J'adore me marrer devant les jeux, donc si je peux vous faire marrer par la même occasion, c'est plutôt cool non ?! Squeezie
86%
Je fais des vidéos, en plus tu peux même les regarder ! La nature fait bien les choses... Cyprien
70%
Parce qu'un Asiat qui n'utilise pas l'accent peut quand même vous faire rire. Le Rire Jaune
60%
DAAMN ! Fun, Fitness, Petites, BOUUM ! Tibo InShape
55%
Hello ! Je m'appelle Marie Lopez, j'ai 21 ans, et je partage mes expériences et mes découvertes mode, beauté et lifestyle avec vous depuis 2011 ! EnjoyPhoenix
51%
Ceci est la description de ma chaîne. Natoo
50%
Je fais des blagues humoristiques sur des jeux vidéos, et des fois je fais aussi des blagues quand y'a pas de jeux vidéo. J'ouvre des snap, je joue de la musique et je suis pro gamer elite sur Arma 3, Altis Life et Garrys Mod. Amixem
49%
Test de jeux à la con ! Joueur du Grenier
43%
F************** Est la première chaîne de cuisine rapide sur youtube proposant des recettes simples et délicieuses. FastGoodCuisine
42%
T**** ** : des TOP 10 insolites, étonnants ou parfaitement inutiles ! Taupe10
41%
Science & Expérience ! Dr Nozman
40%
Bienvenue sur ma chaîne consacrée à Pokémon ! - Je suis un jeune collectionneur et passionné de pokémon depuis un peu plus de 10 ans, j'ai 19 ans. Je suis fan de Youtube également, en dehors je suis étudiants en finance et je pratique le tennis de table à haut niveau ! Aussi j'adore faire rire :D DavidLafargePokemon
39%
Le W***, c'est un collectif de sept jeunes humoristes américains qui se forcent à parler français pour le public mais qui en vrai viennent de Brooklyn. Le Woop
37%
Il était une fois... Bref, j'aime le chiffre 7, j'aime ce qui me fait peur, j'aime ce que je ne connais pas et j'aime faire partager des choses. Quand on mixe le tout, on a D** S****. Bienvenue! Doc Seven
36%
M***** *, 20 ans, youtuber from Grenoble City ! Sketchs, clips et autres trucs qui font rigoler. Mister V
36%
Bondour ! C'est J****, j'suis tibétain, et comme tous les asiatiques, je n'ai pas d'âge, j'mange du riz, j'ai une petite **** et j'y vois rien quand je rigole. Les Clichés de Jigmé
33%
En fait je voulais juste appeler le compte A******D***** à la base puisque je m'appelle comme ça, mais un pauvre type l'a déjà pris avant. Je le déteste. Du coup j'ai mis Mr avant. C'est comme si j'avais un chapeau haut de forme sur la tête. Cool story bro. MrAntoineDaniel
32%
Ceci est ma chaîne YouTube. Flemme de décrire mais si t'aimes bien abonne toi ça peut t'occuper tes dimanches après-midi après le repas de famille de chez mamie. SEB
29%
Une vidéo par jour du lundi au vendredi à 6h30 du matin. Appelez-moi le boulanger du web Pierre Croce
28%
T*****, c'est un magazine web rigolo qui fait des "Top 10" toute la journée. Y'en a qui disent que c'est une maladie. Nous on pense que c'est pas vrai. Topito
28%
La chaîne d'une fille Qui parle de trucs de filles! Andy
27%
On se pose tous des q******** c***, mais on a ni l'envie ni le temps d'y répondre soi-même. Ça tombe bien moi j'adore ça et puis j'ai rien à foutre de mes journées. Alors profitez-en, posez-moi vos q******** c*** ! (Pour les questions intelligentes en revanche, je ne suis d'aucune utilité...) Les Questions Cons
26%
Bienvenue sur la chaîne de L**********, des Points Culture, des critiques de paroles de chansons, des résumés de film, des chansons, des parodies et plein d'autres trucs drôles... a priori... j'essaye en tout cas. LinksTheSun
26%
"N** au singulier car c'est une chaîne à plusieurs mais avec surtout moi" Grégory Guillotin Nou
25%
S******, 24 ans, vidéaste, et streamer à mes heures perdues ! D'abord orienté Let's Play, j'ai diversifié mes vidéos en proposant du contenu Minecraft, surtout multi-joueur, avec mon équipe de l'époque : La CoopTeam. Aujourd'hui dans ma 6ème année, mon leitmotiv est de vous proposer des vidéos sur tous types de jeux ! Siphano
25%
F**** et B** dans l'univers épique du jeu vidéo. Nous sommes deux amis aux personnalités opposées et pourtant nous nous adorons. Sur cette chaîne nous souhaitons vous transmettre deux choses : notre passion pour les bons jeux et notre bonne humeur légendaire. Vous êtes formidables ! FantaBobGames
23%
Moi c'est H********! Tu es sur la chaîne des vrais, tu pourras y retrouver vidéo drôle à mourir de rire, essayer de ne pas rire, vidéo de GTA 5, canular téléphonique, jeux vidéo gratuit wtf... en d'autres termes: des vidéos marrantes! En bref, je m'amuse devant ma caméra et le partage avec VOUS, les vrais! HugoPOSAY
22%
Depuis mars 2011 j'anime l'émission Salut les Geeks : Review de vidéo du web en compagnie de mes multiples personnalités ! Mathieu Sommet
22%
Bienvenue sur la chaîne du N'importe Quoi : temple de la connerie depuis 1999. Rémi GAILLARD
19%
Salut, moi c'est T** ! Sur ma chaîne tu vas trouver tout types de vidéos drôles à base d'HUMOUR et de FUN! Des sketch, des délires face cam, des tops et encore pleins d'autre truc cool :D En bref, je m'amuse et je le partage avec vous! Donc si tu aimes mes vidéos, tu peux t'abonner afin de rejoindre notre aventure et de suivre mes prochains délires! :D TIM
18%
Le F******** de F****, c'est mon alter-ego bizarroïde qui fait des chroniques diverses et variées sur le cinéma de genre. Armé de sa fidèle pelle, il déterre des sujets à tout va. Le Fossoyeur de Films
17%
J'vous aime putain Les Tutos
17%
Sketchs, Parodies, Fausses Bandes Annonces et un maximum de rires dans toutes les vidéos du S***** B****. Studio Bagel
17%
Demain j'arrête. LaChaineDeJeremy
15%
PAS DE PANIQUE. Vous êtes sur Internet. La chaîne Youtube du G***** M******** est unique au monde. Elle ne dégage que 137 kg de CO2 par vidéo, ce qui est relativement énorme. Le site original est bien mieux que cette chaine en bois de cagette, puisqu'il héberge en masse Humour, blagues, blagounettes, galéjades drolatiques, parodies humoristiques, sketches comiques, détournements agréables, vidéos drôles et autres boutades hilarantes de type WTF, du LOL bien aiguisé et de la vidéo virale toute neuve avec encore l'étiquette dessus. Ce texte a été rédigé par Honoré de Balzac, de nuit. Golden Moustache
13%
Je fais des vidéos instructives avec une bonne louche d'humour pour mieux faire avaler tout ça. Les enfants/trucs sont tellement difficiles de nos jours ! Poisson Fécond - Chris
13%
T**** est l'encyclopédie vidéo des classements Culture G francophone. Son but est de faire de la culture autrement. T**** propose des listes intelligentes et complètes sur les thèmes de l’internet, du jeu vidéo, du cinéma, de la science, du manga, du comics et toutes ces choses ce qu'on aime. Le projet est collaboratif et se construit avec vous. Trash
12%
Pour la beauté du lol ... Kemar
11%
Pour faire court un black, de l'humour donc des conneries ! C'est ici ! Pat la réalisation
11%
Salut ça va? SUP3R KONAR !
11%
Curiosités, merveilles, histoires étranges, sources d'étonnement. Axolot
9%
Propose moi ton prochain défi. et viens préparer avec nous les prochaines histoires Facebook. GonzagueTV
9%
Je fais des vidéos d'humour de manière extrêmement cordiale. Cordialement La Ferme Jerome
7%
C'est pas parce que je suis con que je suis beau !! ou l'inverse je ne sais plus ! Jimmyfaitlcon
6%
Humour débile et jeux vidéo BenzaieTV
5%
Aucun quiz correspondant
Distribution des résultats
% des personnes avec chaque résultat
Percentile par nombre de réponses
Votre historique - résultats
Vous n’avez pas pris ce quiz